Statystyki dla Sąsiedzi Niemiec (pełne nazwy)

Kliknij tutaj aby rozwiązać quiz!

Ogólne statystyki

  • Ten quiz został rozwiązany 54 razy
  • Średni wynik to 3 z 9

Statystyki odpowiedzi

Liczba ludnościpełna nazwa kraju% Poprawnych
38 390 000Rzeczpospolita Polska
98%
67 020 000Republika Francuska
49%
10 650 000Republika Czeska
41%
8 850 000Republika Austrii
27%
17 300 000Królestwo Niderlandów
24%
600 000Wielkie Księstwo Luksemburga
24%
11 300 000Królestwo Belgii
22%
5 820 000Królestwo Danii
22%
8 530 000Konfederacja Szwajcarska
16%

Rozkład punktacji

Percentyl według liczby udzielonych odpowiedzi

Procent ludzi z każdym wynikiem

Twoja historia wyników

Nie rozwiązałeś tego quizu